| 000 | 00652nam a22001697a 4500 | ||
|---|---|---|---|
| 008 | 170925b xxu||||| |||| 00| 0 eng d | ||
| 050 |
_aTHE JZ5538 _b.G47 2012 |
||
| 100 | _aGeri Angelo William | ||
| 245 |
_aAn Assesment of the Role of Faith Based Organizations (FBos) in Post War Reconstruction in Yei County, Central, Equatorial State, South Sudan _cAngelo William Geri |
||
| 260 |
_aS't Paul's University _bS't Paul's University _c2012 |
||
| 300 |
_axi,103p _bill,; _c30cm |
||
| 500 | _aIncludes References and Bibliographies | ||
| 650 | _aPost War Reconstruction | ||
| 650 | _aPolitical Violence | ||
| 650 | _aPeace Building | ||
| 942 |
_2lcc _cTHES |
||
| 999 |
_c51551 _d51551 |
||